<?xml version="1.0" encoding="UTF-8"?>
<record
    xmlns:xsi="http://www.w3.org/2001/XMLSchema-instance"
    xsi:schemaLocation="http://www.loc.gov/MARC21/slim http://www.loc.gov/standards/marcxml/schema/MARC21slim.xsd"
    xmlns="http://www.loc.gov/MARC21/slim">

  <leader>04764cam a22003615a 4500</leader>
  <controlfield tag="001">17970345</controlfield>
  <controlfield tag="005">20161102155506.0</controlfield>
  <controlfield tag="008">131212s2014    ne a   frbf   001 0 eng d</controlfield>
  <datafield tag="010" ind1=" " ind2=" ">
    <subfield code="a">  2013957536</subfield>
  </datafield>
  <datafield tag="016" ind1="7" ind2=" ">
    <subfield code="a">016627959</subfield>
    <subfield code="2">Uk</subfield>
  </datafield>
  <datafield tag="020" ind1=" " ind2=" ">
    <subfield code="a">9780857096807(print)</subfield>
  </datafield>
  <datafield tag="020" ind1=" " ind2=" ">
    <subfield code="a">085709680X (print)</subfield>
  </datafield>
  <datafield tag="035" ind1=" " ind2=" ">
    <subfield code="a">(OCoLC)ocn852732287</subfield>
  </datafield>
  <datafield tag="040" ind1=" " ind2=" ">
    <subfield code="a">YDXCP</subfield>
    <subfield code="b">eng</subfield>
    <subfield code="c">YDXCP</subfield>
    <subfield code="d">BTCTA</subfield>
    <subfield code="d">BDX</subfield>
    <subfield code="d">UKMGB</subfield>
    <subfield code="d">CDX</subfield>
    <subfield code="d">OCLCO</subfield>
    <subfield code="d">OCLCQ</subfield>
    <subfield code="d">IXA</subfield>
    <subfield code="d">OCLCF</subfield>
    <subfield code="d">MOU</subfield>
    <subfield code="d">OCL</subfield>
    <subfield code="d">OCLCQ</subfield>
    <subfield code="d">DLC</subfield>
    <subfield code="d">EG-ScBUE</subfield>
  </datafield>
  <datafield tag="042" ind1=" " ind2=" ">
    <subfield code="a">lccopycat</subfield>
  </datafield>
  <datafield tag="082" ind1="0" ind2="4">
    <subfield code="2">22</subfield>
    <subfield code="a">667.9</subfield>
    <subfield code="b">HAN</subfield>
  </datafield>
  <datafield tag="245" ind1="0" ind2="0">
    <subfield code="a">Handbook of smart coatings for materials protection /</subfield>
    <subfield code="c">edited by Abdel Salam Hamdy Makhlouf.</subfield>
  </datafield>
  <datafield tag="260" ind1=" " ind2=" ">
    <subfield code="a">Cambridge, United Kingdom :</subfield>
    <subfield code="b">Woodhead Publishing / Elsevier,</subfield>
    <subfield code="c">c.2014.</subfield>
  </datafield>
  <datafield tag="300" ind1=" " ind2=" ">
    <subfield code="a">xxvii, 628 p. :</subfield>
    <subfield code="b">ill. ;</subfield>
    <subfield code="c">24 cm.</subfield>
  </datafield>
  <datafield tag="490" ind1=" " ind2="0">
    <subfield code="a">Woodhead publishing series in metals and surface engineering ;</subfield>
    <subfield code="v">number 64</subfield>
  </datafield>
  <datafield tag="500" ind1=" " ind2=" ">
    <subfield code="a">Index : p. 607-628.</subfield>
  </datafield>
  <datafield tag="504" ind1=" " ind2=" ">
    <subfield code="a">Includes bibliographical references.</subfield>
  </datafield>
  <datafield tag="505" ind1="0" ind2=" ">
    <subfield code="a">pt. 1. Fundamentals of smart coatings for materials protection: 1. Corrosion processes and strategies for prevention : an introduction / P. Zarras and J.D. Stenger-Smith -- 2. Smart coatings for corrosion protection : an overview / I.S. Cole -- 3. Techniques for synthesizing and applying smart coatings for material protection / A.S.H. Makhlouf -- 4. Multi-functional, self-healing coatings for corrosion protection : materials, design and processing / S. Scharf, M. Noeske, W.L. Cavalcanti and P. Schiffels -- 5. Strategies for developing multi-functional, self-healing coatings for corrosion prevention and other functions / I.J. Zvonkina and M. Hilt -- 6. Protective coatings for automotive, aerospace and military applications : current prospects and future trends / A.S.H. Makhlouf -- pt. 2. Smart coatings with self-healing properties for corrosion protection: 7. The use of nano-/microlayers, self-healing and slow-release coatings to prevent corrosion and biofouling / J. Telegdi, T. Szabo, L. Romanszki and M. Pavai -- 8. Self-healing anti-corrosion coatings for applications in structural and petrochemical engineering / V. Mittal -- 9. Smart nanocoatings for corrosion detection and control / M. Aliofkhazraei -- 10. Smart self-healing coatings for corrosion protection of aluminum alloys / K.A. Yasakau, J. Tedim, M.L. Zheludkevich and M.G.S. Ferreira -- 11. Smart stannate-based self-healing coatings for corrosion protection of magnesium alloys / A.S.H. Makhlouf -- 12. Incorporating microcapsules in smart coatings for corrosion protection of steel / W. Zhang, L.P. Liao and Y. Zhao -- 13. Multi-layer smart coatings for corrosion protection of aluminum alloys and steel / D.V. Andreeva and E.V. Skorb -- 14. Electro-active polymer (EAP) coatings for corrosion protection of metals / P. Zarras and J.D. Stenger-Smith -- 15. Microencapsulated indicators and inhibitors for corrosion detection and control / L.M. Calle and W. Li -- 16. Smart acrylic coatings containing silica particles for corrosion protection of aluminum and other metals / F. Khelifa, Y. Habibi, F. Benard adn P. Dubois -- 17. Recent advances in polyaniline (PANI)-based organic coatings for corrosion protection / N.Y. Abu-Thabit and A.S.H. Makhlouf -- pt. 3. Other types of smart coating: 18. Smart self-cleaning coatings for corrosion protection / J.O. Carneiro, V. Teixeira, S. Azevedo and M. Maltez-da Costa -- 19. Smart polymer nanocomposite water and oil repellent coatings for aluminum / I.S.l Bayer -- 20. UV-curable organic polymer coatings for corrosion protection of steel / F. Delforian and M. Fedel -- 21. Smart epoxy coatings for early detection of corrosion in steel and aluminum / A. Augustyniak -- 22. Structural ceramics with self-healing properties / K. Ando and K. Takahashi and T. Osada.</subfield>
  </datafield>
  <datafield tag="520" ind1=" " ind2=" ">
    <subfield code="a">This book reviews the new generation of smart coatings for corrosion and other types of material protection. It explores the fundamentals of smart coatings for materials protection including types, materials, design, and processing as well as includes a focus on smart coatings with self-healing properties for corrosion protection. This is a valuable reference for those concerned with preventing corrosion, particularly of metals, professionals working within the surface coating industries, as well as all those with an academic research interest in the field.</subfield>
  </datafield>
  <datafield tag="590" ind1=" " ind2=" ">
    <subfield code="a">Wessam</subfield>
  </datafield>
  <datafield tag="650" ind1=" " ind2="7">
    <subfield code="a">Coatings </subfield>
    <subfield code="2">BUEsh</subfield>
    <subfield code="9">41652</subfield>
    <subfield code="x">Handbooks, manuals, etc.</subfield>
  </datafield>
  <datafield tag="651" ind1=" " ind2=" ">
    <subfield code="2">BUEsh</subfield>
  </datafield>
  <datafield tag="653" ind1=" " ind2=" ">
    <subfield code="b">ENGCHE</subfield>
    <subfield code="c">November2016</subfield>
  </datafield>
  <datafield tag="700" ind1="1" ind2=" ">
    <subfield code="a">Makhlouf, Abdel Salam Hamdy&#x200F; </subfield>
    <subfield code="9">41651</subfield>
  </datafield>
  <datafield tag="830" ind1=" " ind2="0">
    <subfield code="a">Woodhead Publishing series in metals and surface engineering ;</subfield>
    <subfield code="v">no. 64.</subfield>
  </datafield>
  <datafield tag="856" ind1="4" ind2="2">
    <subfield code="3">Publisher description</subfield>
    <subfield code="u">http://www.loc.gov/catdir/enhancements/fy1602/2013957536-d.html</subfield>
  </datafield>
  <datafield tag="942" ind1=" " ind2=" ">
    <subfield code="2">ddc</subfield>
    <subfield code="e">22</subfield>
    <subfield code="h">667.9 HAN</subfield>
  </datafield>
  <datafield tag="999" ind1=" " ind2=" ">
    <subfield code="c">23013</subfield>
    <subfield code="d">22985</subfield>
  </datafield>
  <datafield tag="952" ind1=" " ind2=" ">
    <subfield code="0">0</subfield>
    <subfield code="1">0</subfield>
    <subfield code="2">ddc</subfield>
    <subfield code="4">0</subfield>
    <subfield code="7">0</subfield>
    <subfield code="8">Baccah</subfield>
    <subfield code="a">MAIN</subfield>
    <subfield code="b">MAIN</subfield>
    <subfield code="c">0TH</subfield>
    <subfield code="d">2016-11-02</subfield>
    <subfield code="e">Purchase</subfield>
    <subfield code="g">2520.00</subfield>
    <subfield code="h">3652</subfield>
    <subfield code="l">0</subfield>
    <subfield code="o">667.9 HAN</subfield>
    <subfield code="p">000034466</subfield>
    <subfield code="r">2025-07-15 00:00:00</subfield>
    <subfield code="v">3150.00</subfield>
    <subfield code="y">REFERENCE</subfield>
  </datafield>
</record>
